| 000 | 00895nam a2200289 i 4500 | ||
|---|---|---|---|
| 001 | 000047386 | ||
| 003 | DO-SdBNP | ||
| 005 | 20260116135131.0 | ||
| 007 | ta | ||
| 008 | 091120s1998 dr a 000 f spa d | ||
| 040 |
_aDO-SdBNP _bspa _cBNPHU _erda |
||
| 041 | _aspa | ||
| 082 | 4 |
_aRD863.44 _bS944m 1998 _222 |
|
| 100 | 1 |
_aSueko, _eautor _4aut. _920568 |
|
| 245 | 1 | 0 |
_aMás luz / _cSueko ; ilustración, Jhon López |
| 250 | _aTercera edición | ||
| 264 | 1 |
_aSanto Domingo, República Dominicana : _bEditora Búho, _c1998. |
|
| 300 |
_a162 páginas : _bilustraciones ; _c18 cm. |
||
| 336 |
_atexto _btxt _2rdacontent |
||
| 337 |
_asin mediación _bn _2rdamedia |
||
| 338 |
_avolumen _bnc _2rdacarrier |
||
| 590 | _aInventariado, 2018/BT | ||
| 650 | 4 |
_aCuentos dominicanos _9176 |
|
| 650 | 4 |
_aLiteratura dominicana. _967 |
|
| 700 |
_aLópez, John, _eilustrador _4il. _988884 |
||
| 942 |
_2ddc _cLBS1 |
||
| 999 |
_c46874 _d46874 |
||